4 indices, 1 ville - Statistiques

Statistiques générales
  • Ce quiz a été pris 290 fois
  • Le résultat moyen est 13 sur 15
Statistiques - réponses
Indices Ville à trouver % Correct
Tour Eiffel, Amélie Poulain, Ritz, population aigrie Paris
100%
Gare King's Cross, Big Ben, cabine téléphonique, Sherlock Holmes Londres
98%
Fontaine, ville des amoureux, jumeaux, Colisée Rome
98%
Gondole, pont des Soupirs, place Saint-Marc, Vénétie Venise
97%
Gaudi, Camp Nou, Catalogne, Sagrada Familia Barcelone
95%
Favela, carnaval, Christ Rédempteur, film d'animation éponyme Rio
94%
Geisha, mégalopole, capitale, continent asiatique Tokyo
90%
Phare, Claude François, Numérobis, Egypte Alexandrie
87%
ABBA, syndrome, Scandinavie, Greta Thunberg Stockholm
84%
Champ de tulipes, marché aux fleurs, chanson de Brel, Rembrandt Amsterdam
83%
Canelés, gavé, Chaban-Delmas, rue Sainte Catherine Bordeaux
80%
Poutine, Saint-Laurent, aéroport Pierre-Elliott Trudeau, festival Juste pour rire Montréal
79%
Bretagne, éléphant robotisé, maillot jaune, Ultra Vomit Nantes
77%
Jardins de Boboli, Galleria dell'Accademia, Ponte Vecchio, Catherine de Médicis Florence
65%
Festival d'humour, Freddie Mercury, canton de Vaud, lac Léman Montreux
61%
Aucun quiz correspondant
Distribution des résultats
% des personnes avec chaque résultat
Percentile par nombre de réponses
Votre historique - résultats
Vous n’avez pas pris ce quiz